[Event "TUR-chT 2nd League"]
[Site "Konya"]
[Date "2022.08.28"]
[Round "9.6"]
[White "Daloglu, Berkay"]
[Black "Aydin, Akin"]
[Result "0-1"]
[WhiteElo "1644"]
[BlackElo "1704"]
[PlyCount "64"]
[EventDate "2022.08.22"]
[EventType "team-swiss"]
[EventRounds "9"]
[EventCountry "TUR"]
[SourceTitle "CBM 210 Extra"]
[Source "ChessBase"]
[SourceDate "2022.11.30"]
[SourceVersion "1"]
[SourceVersionDate "2022.11.30"]
[SourceQuality "1"]
[WhiteTeam "Cigli Batubey"]
[BlackTeam "Cesme Belediye"]
[WhiteTeamCountry "TUR"]
[BlackTeamCountry "TUR"]

1. e4 e6 2. b3 d5 3. Bb2 dxe4 4. Nc3 Nf6 5. Qe2 Be7 6. 0-0-0 a5 7. a4 0-0 8. Nxe4 Bd7 9. Nf3 Bc6 10. Nc3 Na6 11. Ne5 Nb4 12. Nxc6 bxc6 13. g4 Nfd5 14. Bg2 Bf6 15. Qc4 Qe7 16. f4 Bxc3 17. Bxc3 Na2+ 18. Kb2 Naxc3 19. dxc3 Ne3 20. Qxc6 Nxd1+ 21. Rxd1 Rad8 22. Re1 Qd6 23. Re5 Qd2 24. Rxa5 Qxf4 25. h3 Rd1 26. c4 Qc1+ 27. Kc3 Qd2+ 28. Kb2 Qxa5 29. Be4 Qe5+ 30. c3 Rd2+ 31. Ka3 Qxc3 32. Qb5 Rd1 0-1

[Event "TUR-chT 2nd League"]
[Site "Konya"]
[Date "2022.08.25"]
[Round "6.8"]
[White "Aydin, Akin"]
[Black "Cakmak, Sarven"]
[Result "1-0"]
[WhiteElo "1704"]
[BlackElo "1665"]
[PlyCount "77"]
[EventDate "2022.08.22"]
[EventType "team-swiss"]
[EventRounds "9"]
[EventCountry "TUR"]
[SourceTitle "CBM 210 Extra"]
[Source "ChessBase"]
[SourceDate "2022.11.30"]
[SourceVersion "1"]
[SourceVersionDate "2022.11.30"]
[SourceQuality "1"]
[WhiteTeam "Cesme Belediye"]
[BlackTeam "Istanbul Sisli"]
[WhiteTeamCountry "TUR"]
[BlackTeamCountry "TUR"]

1. d4 d5 2. Nf3 Nf6 3. c4 c6 4. Nc3 dxc4 5. a4 Bf5 6. e3 Na6 7. Bxc4 Nb4 8. Ne5 e6 9. Nd3 Nxd3+ 10. Bxd3 Bxd3 11. Qxd3 e5 12. 0-0 exd4 13. exd4 Be7 14. Re1 0-0 15. Bg5 h6 16. Bh4 Qd7 17. Rad1 Rad8 18. a5 a6 19. Qc4 Nd5 20. Bxe7 Nxe7 21. Re5 Ng6 22. Rc5 Nf4 23. Re5 Qg4 24. g3 Nh3+ 25. Kg2 Ng5 26. Rd3 Rd6 27. f4 Ne6 28. d5 Nc7 29. dxc6 Rxc6 30. Qb4 Qc8 31. Re7 Re8 32. Rdd7 Rxe7 33. Qxe7 Ne6 34. Qxf7+ Kh8 35. f5 Rxc3 36. bxc3 Nf4+ 37. gxf4 Qc6+ 38. Qd5 Qxc3 39. Rd8+ 1-0

[Event "Izmir op 17th"]
[Site "Izmir"]
[Date "2018.09.13"]
[Round "8"]
[White "Aydin, Akin"]
[Black "Taspinar, Yanki"]
[Result "1/2-1/2"]
[WhiteElo "1726"]
[BlackElo "1961"]
[PlyCount "62"]
[EventDate "2018.09.09"]
[EventType "swiss"]
[EventRounds "9"]
[EventCountry "TUR"]
[SourceTitle "CBM 186 Extra"]
[Source "ChessBase"]
[SourceDate "2018.08.24"]
[SourceVersion "1"]
[SourceVersionDate "2018.08.24"]
[SourceQuality "1"]

1. Nf3 Nf6 2. g3 g6 3. b3 Bg7 4. Bb2 0-0 5. Bg2 d5 6. c4 c5 7. cxd5 Nxd5 8. Bxg7 Kxg7 9. 0-0 Nf6 10. Qc1 Na6 11. Nc3 Rb8 12. Rd1 Bg4 13. Qb2 Bxf3 14. Bxf3 e5 15. Rac1 Qe7 16. d3 Nc7 17. Ne4 Nxe4 18. Bxe4 f5 19. Bg2 Kg8 20. Qc3 Na6 21. Bd5+ Kg7 22. a3 Rfd8 23. Bg2 Qd6 24. Rd2 b6 25. Qc4 b5 26. Qc2 Rd7 27. Qb2 Kg8 28. Rdc2 Rbd8 29. h4 h6 30. Bh3 Rf7 31. b4 f4 1/2-1/2

[Event "TUR-chT 2nd League"]
[Site "Konya"]
[Date "2018.07.18"]
[Round "4.16"]
[White "Soylemez, Baris"]
[Black "Aydin, Akin"]
[Result "1/2-1/2"]
[WhiteElo "1644"]
[BlackElo "1756"]
[PlyCount "61"]
[EventDate "2018.07.16"]
[EventType "team-swiss"]
[EventRounds "9"]
[EventCountry "TUR"]
[SourceTitle "EXT 2019"]
[Source "ChessBase"]
[SourceDate "2018.10.10"]
[SourceVersion "1"]
[SourceVersionDate "2018.10.10"]
[SourceQuality "1"]
[WhiteTeam "Ayidin Nazilli Belediyesi"]
[BlackTeam "Cesme Belediye"]
[WhiteTeamCountry "TUR"]
[BlackTeamCountry "TUR"]

1. d4 d5 2. c4 e6 3. Nc3 Nf6 4. Bg5 Be7 5. Nf3 h6 6. Bh4 0-0 7. e3 b6 8. Bd3 Bb7 9. 0-0 Nbd7 10. Bxf6 Nxf6 11. cxd5 Nxd5 12. Nxd5 Qxd5 13. e4 Qh5 14. Ne5 Qxd1 15. Rfxd1 Rfd8 16. Nf3 c5 17. dxc5 Bxc5 18. Bc2 Rac8 19. Rxd8+ Rxd8 20. a3 a5 21. Kf1 Kf8 22. Ke1 Ke7 23. Rc1 f6 24. Bb1 g5 25. h3 e5 26. Rc3 Rc8 27. Bd3 Bd6 28. Rxc8 Bxc8 29. Nd2 Bd7 30. Nb1 Bc6 31. Nc3 1/2-1/2

[Event "TUR-chT 2nd League"]
[Site "Konya"]
[Date "2018.07.17"]
[Round "3.13"]
[White "Aydin, Akin"]
[Black "Guliev, Logman"]
[Result "1/2-1/2"]
[WhiteElo "1756"]
[BlackElo "2333"]
[PlyCount "66"]
[EventDate "2018.07.16"]
[EventType "team-swiss"]
[EventRounds "9"]
[EventCountry "TUR"]
[SourceTitle "EXT 2019"]
[Source "ChessBase"]
[SourceDate "2018.10.10"]
[SourceVersion "1"]
[SourceVersionDate "2018.10.10"]
[SourceQuality "1"]
[WhiteTeam "Cesme Belediye"]
[BlackTeam "Konya Erkin"]
[WhiteTeamCountry "TUR"]
[BlackTeamCountry "TUR"]

1. d4 Nf6 2. Nf3 e6 3. c4 d5 4. g3 Be7 5. Bg2 0-0 6. 0-0 a5 7. Nc3 c6 8. Re1 Ne4 9. Qc2 Nxc3 10. bxc3 Nd7 11. cxd5 cxd5 12. c4 dxc4 13. Qxc4 Nb6 14. Qd3 Nd5 15. a3 Bd7 16. e4 Nf6 17. Ne5 Be8 18. Bb2 Nd7 19. Nxd7 Bxd7 20. d5 exd5 21. Qd4 f6 22. Rad1 Kh8 23. Qe3 Qc8 24. Rc1 Qb8 25. Red1 Bd6 26. Rxd5 Bc6 27. Rh5 Qe8 28. Rf5 Qe6 29. Rh5 Qe8 30. Rf5 a4 31. e5 fxe5 32. Rxf8+ Qxf8 33. Bxc6 bxc6 1/2-1/2

[Event "TUR Cup										"]
[Site "Antalya"]
[Date "2018.01.30"]
[Round "6"]
[White "Aydin, Akin"]
[Black "Yilmaz, Hasan"]
[Result "0-1"]
[WhiteElo "1395"]
[BlackElo "1483"]
[PlyCount "80"]
[EventDate "2018.01.27"]
[EventType "swiss"]
[EventRounds "11"]
[EventCountry "TUR"]
[SourceTitle "CBM 182 Extra"]
[Source "ChessBase"]
[SourceDate "2018.02.23"]
[SourceVersion "1"]
[SourceVersionDate "2018.02.23"]
[SourceQuality "1"]

1. e4 g6 2. Nf3 Bg7 3. d4 d6 4. Be2 Nf6 5. Nc3 0-0 6. h3 c5 7. Be3 cxd4 8. Nxd4 Nc6 9. Qd2 Qa5 10. f3 Nh5 11. Nb3 Qd8 12. Bf2 a5 13. g4 Nf6 14. h4 a4 15. Nd4 a3 16. b3 d5 17. 0-0-0 dxe4 18. Nxe4 Nxe4 19. fxe4 Ne5 20. Rdg1 Qb6 21. h5 Rd8 22. hxg6 Nxg6 23. c3 e5 24. Bc4 exd4 25. Qg5 Qf6 26. Qh5 Qxf2 27. Bxf7+ Qxf7 28. Qxh7+ Kf8 29. Rf1 Bf6 30. Qh6+ Ke7 31. g5 Rh8 32. gxf6+ Ke6 33. Qg5 Kd7 34. Qb5+ Kd8 35. Rxh8+ Nxh8 36. Qb6+ Ke8 37. cxd4 Bd7 38. Qxb7 Rc8+ 39. Kd2 Qh5 40. Qb4 Qg5+ 0-1

[Event "TUR-chT 2nd League"]
[Site "Konya"]
[Date "2017.07.18"]
[Round "3.10"]
[White "Aydin, Akin"]
[Black "Unluturk, Kilic Ethem"]
[Result "1-0"]
[WhiteElo "1747"]
[BlackElo "1824"]
[PlyCount "91"]
[EventDate "2017.07.17"]
[EventType "team-swiss"]
[EventRounds "9"]
[EventCountry "TUR"]
[SourceTitle "CBM 179 Extra"]
[Source "ChessBase"]
[SourceDate "2017.08.23"]
[SourceVersion "1"]
[SourceVersionDate "2017.08.23"]
[SourceQuality "1"]
[WhiteTeam "Izmir Cesme Belediye"]
[BlackTeam "Ankara Hayat"]
[WhiteTeamCountry "TUR"]
[BlackTeamCountry "TUR"]

1. b3 c5 2. Bb2 Nc6 3. e3 Nf6 4. Nf3 d5 5. Bb5 Bd7 6. 0-0 e6 7. d3 Bd6 8. Bxc6 Bxc6 9. Ne5 Rc8 10. f4 0-0 11. Nd2 b5 12. a4 bxa4 13. Nxc6 Rxc6 14. Rxa4 Qe7 15. Qa1 Bb8 16. Rf3 Rd8 17. g4 Nxg4 18. Rg3 h5 19. h3 Qh4 20. Qe1 f5 21. Nf3 Qe7 22. hxg4 hxg4 23. Ne5 Bxe5 24. Bxe5 c4 25. Qc3 Rdc8 26. bxc4 Rb6 27. Ra1 dxc4 28. Kf2 Qb7 29. Bd4 cxd3 30. Qxd3 Rbc6 31. Rc1 Rc4 32. c3 Ra4 33. c4 Ra2+ 34. Kg1 Kf7 35. e4 Rh8 36. Rg2 Rxg2+ 37. Kxg2 Rh3 38. Qe2 Qb3 39. Bf2 Rh5 40. Rh1 Rxh1 41. Kxh1 a5 42. exf5 exf5 43. c5 a4 44. Qe3 Qb4 45. Qd4 Qb1+ 46. Kh2 1-0

[Event "Troya op 23rd"]
[Site "Canakkale"]
[Date "2015.08.15"]
[Round "9"]
[White "Aydin, Akin"]
[Black "Kuruz, Yusuf"]
[Result "0-1"]
[WhiteElo "1747"]
[BlackElo "1939"]
[PlyCount "118"]
[EventDate "2015.08.08"]
[EventType "swiss"]
[EventRounds "9"]
[EventCountry "TUR"]
[SourceTitle "CBM 167 Extra"]
[Source "ChessBase"]
[SourceDate "2015.09.14"]
[SourceVersion "1"]
[SourceVersionDate "2015.09.14"]
[SourceQuality "1"]

1. d4 d5 2. Nf3 Nf6 3. c4 c6 4. Nc3 dxc4 5. a4 Bf5 6. e3 e6 7. Bxc4 Bb4 8. 0-0 0-0 9. Qe2 Bg6 10. Rd1 Nbd7 11. Ne5 Bh5 12. f3 Qa5 13. Nxd7 Nxd7 14. e4 Rad8 15. Bf4 h6 16. Na2 Be7 17. b4 Bxb4 18. Nxb4 Qxb4 19. Rab1 Qxa4 20. Bd6 b5 21. Bxf8 Nxf8 22. Bxb5 cxb5 23. Qxb5 Qxb5 24. Rxb5 Bg6 25. Kf2 Nd7 26. d5 Nb6 27. d6 f6 28. Rc5 Be8 29. f4 a6 30. Ke3 Bb5 31. Rc7 Nc4+ 32. Kf3 Rxd6 33. Rxd6 Nxd6 34. Re7 Bc4 35. Ke3 f5 36. Kd4 Ba2 37. e5 Nb5+ 38. Kc5 Bd5 39. g3 Kf8 40. Rd7 h5 41. Kb6 Nd4 42. Rc7 h4 43. Rc3 hxg3 44. hxg3 Kf7 45. Kxa6 Kg6 46. Kb6 Kh5 47. Kc5 Nb3+ 48. Kd6 Nd2 49. Rd3 Ne4+ 50. Ke7 Kg4 51. Kf7 g5 52. fxg5 Nxg5+ 53. Kf6 Ne4+ 54. Kf7 Kg5 55. Kg7 Nc5 56. Re3 Kg4 57. Kf7 Kg5 58. Kg7 Nd7 59. Rd3 Nxe5 0-1

[Event "Troya op 23rd"]
[Site "Canakkale"]
[Date "2015.08.10"]
[Round "4"]
[White "Aydin, Akin"]
[Black "Aydin, Kaan Ayhan"]
[Result "1-0"]
[WhiteElo "1747"]
[BlackElo "1857"]
[PlyCount "129"]
[EventDate "2015.08.08"]
[EventType "swiss"]
[EventRounds "9"]
[EventCountry "TUR"]
[SourceTitle "CBM 167 Extra"]
[Source "ChessBase"]
[SourceDate "2015.09.14"]
[SourceVersion "1"]
[SourceVersionDate "2015.09.14"]
[SourceQuality "1"]

1. d4 e6 2. Nf3 Nf6 3. e3 c5 4. Bd3 d5 5. b3 Nc6 6. Bb2 Bd6 7. Nbd2 Qe7 8. a3 e5 9. dxe5 Nxe5 10. Nxe5 Bxe5 11. Bxe5 Qxe5 12. Bb5+ Bd7 13. Bxd7+ Nxd7 14. 0-0 0-0 15. Nf3 Qh5 16. Qd3 b6 17. Rfd1 Nf6 18. b4 Rac8 19. b5 Rfd8 20. a4 Qg6 21. Ne5 Qxd3 22. Rxd3 Re8 23. f4 d4 24. exd4 cxd4 25. Nc6 a6 26. Rxd4 Ra8 27. Rad1 axb5 28. axb5 Ne4 29. Rc4 f5 30. g3 Nc5 31. Kf1 Ra2 32. Ne5 Rb2 33. Nd7 Nxd7 34. Rxd7 Rxb5 35. Rcc7 g6 36. Rg7+ Kh8 37. Rxh7+ Kg8 38. Rhg7+ Kh8 39. Rh7+ Kg8 40. Rhg7+ Kh8 41. Rxg6 Rb1+ 42. Kg2 Re2+ 43. Kh3 Rh1 44. Kh4 Rhxh2+ 45. Kg5 Rxc2 46. Rxc2 Rxc2 47. Kxf5 Rc5+ 48. Kg4 b5 49. Rb6 Kg7 50. f5 b4 51. Rxb4 Rc3 52. Rb6 Ra3 53. Kf4 Ra4+ 54. Kg5 Ra7 55. g4 Rc7 56. Re6 Kf7 57. Rh6 Rc4 58. Rh7+ Kg8 59. Re7 Ra4 60. f6 Rb4 61. Kf5 Kf8 62. g5 Kg8 63. Kg6 Kf8 64. Rh7 Kg8 65. f7+ 1-0